1857 تاریخ بغاوت ہند (Record no. 234991)

000 -LEADER
fixed length control field nam a22 7a 4500
003 - CONTROL NUMBER IDENTIFIER
control field Nust
005 - DATE AND TIME OF LATEST TRANSACTION
control field 20170404120800.0
008 - FIXED-LENGTH DATA ELEMENTS--GENERAL INFORMATION
fixed length control field 170404b xxu||||| |||| 00| 0 eng d
040 ## - CATALOGING SOURCE
Transcribing agency DLC
082 ## - DEWEY DECIMAL CLASSIFICATION NUMBER
Classification number 954.912 KAN
100 ## - MAIN ENTRY--PERSONAL NAME
Personal name کنہیالال،پنڈت
245 ## - TITLE STATEMENT
Title 1857 تاریخ بغاوت ہند
260 ## - PUBLICATION, DISTRIBUTION, ETC.
Place of publication, distribution, etc. Lahore :
Name of publisher, distributor, etc. Sang e meel Publisher,
300 ## - PHYSICAL DESCRIPTION
Extent 272p. :
942 ## - ADDED ENTRY ELEMENTS (KOHA)
Source of classification or shelving scheme
Koha item type Book
Holdings
Withdrawn status Lost status Source of classification or shelving scheme Damaged status Not for loan Permanent Location Current Location Date acquired Total Checkouts Full call number Barcode Date last seen Date last checked out Price effective from Koha item type
          School of Civil and Environmental Engineering (SCEE) School of Civil and Environmental Engineering (SCEE) 04/04/2017 1 954.912 KAN NIT-7396 08/09/2021 08/03/2021 04/04/2017 Book
© 2023 Central Library, National University of Sciences and Technology. All Rights Reserved.